Rosé - 3am (Lyrics) - Statistics

General Stats
  • This quiz has been taken 68 times
  • The average score is 256 of 334
Answer Stats
Answer % Correct
I
100%
a
94%
just
94%
you
94%
3
91%
a.m.
91%
it
91%
that
91%
to
91%
when
91%
is
88%
it's
88%
on
88%
the
88%
want
88%
and
84%
'cause
84%
gonna
84%
I'm
84%
my
84%
bad?
81%
bad
81%
be
81%
didn't
81%
need
81%
no
81%
really,
81%
really
81%
run
81%
see
81%
who
81%
flag
78%
one
78%
red
78%
saw
78%
can
75%
love
75%
pretend
75%
so,
75%
so
75%
take
75%
again
72%
losing
72%
makeup
72%
me
72%
me,
72%
mind
72%
myself
72%
off
72%
cry
69%
eh-eh,
69%
eh-eh
69%
goodnight
69%
in
69%
not
69%
say
69%
story
69%
use
69%
but
66%
like
66%
pretty
66%
roll
66%
we
66%
bulletproof
63%
talk
63%
told
63%
world
63%
eyes,
59%
mother
59%
shit
59%
ugly
59%
you're
59%
all
56%
always
56%
forget
56%
rolling?
56%
face
53%
gives
53%
hold
53%
keep
53%
their
53%
there's
53%
anyone
50%
else
50%
kiss
50%
this
50%
day
47%
perfect
47%
through
47%
with
47%
everything
44%
hell
44%
about
41%
even
41%
dumb
34%
nothing's
34%
putting
34%
tongue
34%
words
34%
slowly,
31%
No matching quizzes found
Score Distribution
Percent of People with Each Score
Percentile by Number Answered
Your Score History
You have not taken this quiz